000
00271nam a22001097a 4500
082
_a
160
100
_a
Dhaka, Baljit Sir
_9
81913
245
_a
SSC REASONING 7200 TCS MCQ Chapterwisw
260
_a
Delhi
_b
Pinnacle Publication
_c
2023
650
_a
Reasoning
_9
207
942
_c
BK
999
_c
66143
_d
66143